[Event "CZE-ch U16 Girls"]
[Site "Kouty nad Desnou"]
[Date "2024.03.15"]
[Round "8"]
[White "Souralova, Jana"]
[Black "Urvalkova, Ema"]
[Result "1-0"]
[WhiteElo "1597"]
[BlackElo "1496"]
[PlyCount "135"]
[EventDate "2024.03.09"]
[EventType "swiss"]
[EventRounds "9"]
[EventCountry "CZE"]
[SourceTitle "CB12_2024"]
[SourceDate "2023.10.01"]
[SourceVersion "1"]
[SourceVersionDate "2023.10.01"]
[SourceQuality "1"]

1. e4 c5 2. d4 cxd4 3. c3 d5 4. exd5 Qxd5 5. cxd4 Nf6 6. Nc3 Qd8 7. Nf3 Bg4 8. Be2 e6 9. h3 Bh5 10. Bf4 Bb4 11. 0-0 0-0 12. Rc1 Nbd7 13. Qb3 Bxc3 14. bxc3 b6 15. Rfd1 h6 16. c4 Rc8 17. Qa3 a5 18. Qe3 Re8 19. g4 Bxg4 20. hxg4 Nxg4 21. Qd3 f5 22. Ne5 Ndxe5 23. Bxe5 Nxe5 24. dxe5 Qxd3 25. Rxd3 g5 26. Rd7 g4 27. Rcd1 Rc5 28. f4 h5 29. Rb7 Rc6 30. Rd6 Rec8 31. Rxb6 Rxb6 32. Rxb6 Kf7 33. Bd1 Rxc4 34. Bb3 Rxf4 35. Rxe6 a4 36. Rf6+ Kg7 37. Bc2 h4 38. Bxf5 a3 39. Rg6+ Kf7 40. e6+ Ke7 41. Rg7+ Kf8 42. Rf7+ Ke8 43. Bg6 Rxf7 44. Bxf7+ Ke7 45. Kg2 g3 46. Kh3 Kf6 47. Bh5 Kxe6 48. Bf3 Ke5 49. Kxh4 Kd4 50. Kxg3 Kd3 51. Bd5 Ke3 52. Bg8 Kd3 53. Kf3 Kd2 54. Ke4 Kc3 55. Ke3 Kb4 56. Kd4 Kb5 57. Kc3 Ka4 58. Kc4 Ka5 59. Kb3 Ka6 60. Kxa3 Ka5 61. Bc4 Kb6 62. Kb4 Kb7 63. Kb5 Ka7 64. a4 Kb7 65. a5 Ka7 66. a6 Ka8 67. Kb6 Kb8 68. a7+ 1-0

[Event "CZE-ch U16 Girls"]
[Site "Kouty nad Desnou"]
[Date "2024.03.09"]
[Round "1"]
[White "Urvalkova, Ema"]
[Black "Hetfleischova, Elen"]
[Result "0-1"]
[WhiteElo "1496"]
[BlackElo "1699"]
[PlyCount "82"]
[EventDate "2024.03.09"]
[EventType "swiss"]
[EventRounds "9"]
[EventCountry "CZE"]
[SourceTitle "CB12_2024"]
[SourceDate "2023.10.01"]
[SourceVersion "1"]
[SourceVersionDate "2023.10.01"]
[SourceQuality "1"]

1. e4 c5 2. Nf3 Nc6 3. d4 cxd4 4. Nxd4 g6 5. Nc3 Bg7 6. Be3 Nf6 7. Bc4 0-0 8. Bb3 d6 9. f3 Bd7 10. Qd2 a6 11. g4 b5 12. h4 h5 13. gxh5 Nxh5 14. Rg1 Kh7 15. 0-0-0 b4 16. Nd5 a5 17. Nxc6 Bxc6 18. Nf4 a4 19. Bc4 b3 20. cxb3 a3 21. bxa3 Ra5 22. a4 Qc7 23. Rg5 Rxg5 24. hxg5 Bxa4 25. Rh1 d5 26. Nxh5 gxh5 27. exd5 Qe5 28. Qd3+ Kg8 29. bxa4 Qa1+ 30. Qb1 Qc3+ 31. Kd1 Qxe3 32. Be2 Qxg5 33. Qb3 Rc8 34. Ke1 Rc1+ 35. Bd1 Qg3+ 36. Kd2 Bh6+ 37. Kd3 Qg6+ 38. Kd4 Qf6+ 39. Ke4 Qg6+ 40. Kd4 Bg7+ 41. Ke3 Rc3+ 0-1

[Event "CZE-ch U14 Girls"]
[Site "Teplice"]
[Date "2023.03.14"]
[Round "5"]
[White "Urvalkova, Ema"]
[Black "Kubatova, Ema"]
[Result "1/2-1/2"]
[WhiteElo "1000"]
[BlackElo "1189"]
[PlyCount "109"]
[EventDate "2023.03.11"]
[EventType "swiss"]
[EventRounds "9"]
[EventCountry "CZE"]
[SourceTitle "CBM 213 Extra"]
[Source "ChessBase"]
[SourceDate "2023.05.31"]
[SourceVersion "1"]
[SourceVersionDate "2023.05.31"]
[SourceQuality "1"]

1. e4 c6 2. Nc3 d5 3. Nf3 Bg4 4. d3 e6 5. Bd2 Nd7 6. Ne2 Bxf3 7. gxf3 g6 8. Ng3 Bg7 9. c3 Qc7 10. d4 Ne7 11. Be3 Rc8 12. Qd2 a6 13. Bd3 c5 14. Bh6 Rg8 15. Bxg7 Rxg7 16. Ke2 Nf8 17. Rac1 Qd6 18. h4 Kd7 19. h5 Rg8 20. Rhg1 Kd8 21. Rh1 b5 22. b3 Nd7 23. Qh6 Nf8 24. Qd2 e5 25. Qe3 Nd7 26. Qh6 Nf6 27. Qe3 Kd7 28. Qg5 exd4 29. e5 h6 30. exd6 hxg5 31. dxe7 Kxe7 32. cxd4 c4 33. bxc4 dxc4 34. Be4 gxh5 35. Nxh5 Nxe4 36. fxe4 f6 37. Ng3 Ke6 38. Kd2 b4 39. Rb1 a5 40. Rh7 Ra8 41. Rc7 c3+ 42. Kc2 Rgb8 43. Rc6+ Kf7 44. Rc4 Ra6 45. a3 Rab6 46. axb4 axb4 47. Rb3 Ke6 48. Nf1 Ra6 49. Rcxb4 Ra2+ 50. Kxc3 Rc8+ 51. Rc4 Rxc4+ 52. Kxc4 Rxf2 53. Ne3 Rf4 54. Rb6+ Kf7 55. Kd5 1/2-1/2

[Event "CZE-ch U14 Girls"]
[Site "Teplice"]
[Date "2023.03.11"]
[Round "1"]
[White "Bouchalova, Kveta"]
[Black "Urvalkova, Ema"]
[Result "1-0"]
[WhiteElo "1341"]
[BlackElo "1000"]
[PlyCount "139"]
[EventDate "2023.03.11"]
[EventType "swiss"]
[EventRounds "9"]
[EventCountry "CZE"]
[SourceTitle "CBM 213 Extra"]
[Source "ChessBase"]
[SourceDate "2023.05.31"]
[SourceVersion "1"]
[SourceVersionDate "2023.05.31"]
[SourceQuality "1"]

1. e4 c5 2. Nf3 Nc6 3. d4 cxd4 4. Nxd4 g6 5. Nc3 Bg7 6. Be3 Nf6 7. Bc4 0-0 8. Bb3 Qa5 9. 0-0 d6 10. f3 Bd7 11. Qd2 Nxd4 12. Bxd4 Bc6 13. Rad1 Nd7 14. Bxg7 Kxg7 15. f4 Kg8 16. f5 Kg7 17. Qg5 Qe5 18. Rd3 Qf6 19. Qg3 Qe5 20. Qg4 Nf6 21. Qf4 Bxe4 22. Qxe5 dxe5 23. Nxe4 Nxe4 24. Rd7 Rfe8 25. Rxb7 Nd2 26. f6+ Kg8 27. Rf2 Nxb3 28. axb3 exf6 29. Rxf6 e4 30. Rfxf7 Rad8 31. Rg7+ Kh8 32. Rxh7+ Kg8 33. Rhg7+ Kh8 34. Rge7 e3 35. Kf1 Rd1+ 36. Ke2 Rxe7 37. Rb8+ Kg7 38. Kxd1 Kf6 39. Ke2 Kf5 40. Rf8+ Ke4 41. Rf3 Rc7 42. Rxe3+ Kf4 43. Rc3 Re7+ 44. Kd2 g5 45. Rf3+ Kg4 46. c4 Rb7 47. Kc3 Re7 48. b4 Re2 49. Rg3+ Kf4 50. b3 g4 51. b5 Re3+ 52. Rxe3 Kxe3 53. c5 Kf2 54. g3 Kg2 55. c6 Kxh2 56. c7 Kxg3 57. c8Q Kh3 58. Qf5 Kh4 59. Qf2+ g3 60. Qg2 Kg4 61. Kd3 Kf4 62. Ke2 Kg4 63. Qf3+ Kh4 64. Kf1 Kg5 65. Kg2 Kg6 66. Kxg3 Kg7 67. Kg4 Kh7 68. Kg5 Kg8 69. Kg6 Kh8 70. Qf8# 1-0

[Event "CZE-ch U14 Girls"]
[Site "Luhacovice"]
[Date "2022.03.19"]
[Round "9"]
[White "Urvalkova, Ema"]
[Black "Koval, Anna"]
[Result "0-1"]
[WhiteElo "1000"]
[BlackElo "1278"]
[PlyCount "102"]
[EventDate "2022.03.12"]
[EventType "swiss"]
[EventRounds "9"]
[EventCountry "CZE"]
[SourceTitle "EXT 2023"]
[Source "ChessBase"]
[SourceDate "2022.10.05"]
[SourceVersion "1"]
[SourceVersionDate "2022.10.05"]
[SourceQuality "1"]

1. e4 e5 2. Nf3 Nc6 3. d4 exd4 4. Bc4 Bc5 5. c3 dxc3 6. Bxf7+ Kxf7 7. Qd5+ Ke8 8. Qh5+ Kf8 9. Qxc5+ d6 10. Qxc3 Nf6 11. Qc4 Qe8 12. Nbd2 Be6 13. Qa4 Bd5 14. 0-0 Be6 15. b3 Qg6 16. h3 Bxh3 17. Nh4 Qg4 18. e5 Nxe5 19. Qxg4 Bxg4 20. Ba3 g5 21. Nhf3 Nxf3+ 22. Nxf3 h6 23. Rfe1 Re8 24. Rxe8+ Kxe8 25. Re1+ Kd7 26. Rd1 Ne4 27. Ne5+ Kc8 28. Nxg4 Nc3 29. Bb2 Nxd1 30. Bxh8 b5 31. Ne3 Nxe3 32. fxe3 c5 33. Bg7 h5 34. e4 a5 35. Bf8 Kc7 36. Kh2 c4 37. bxc4 bxc4 38. Bg7 Kc6 39. Bc3 Kb5 40. Kg3 Ka4 41. Kf3 Ka3 42. Bxa5 Kxa2 43. Ke2 Kb3 44. Kd1 c3 45. Bc7 Kb2 46. Bxd6 c2+ 47. Ke2 c1Q 48. e5 Qc4+ 49. Ke3 Kc2 50. Be7 Qf4+ 51. Ke2 Qxe5+ 0-1

[Event "CZE-ch U14 Girls"]
[Site "Luhacovice"]
[Date "2022.03.12"]
[Round "1"]
[White "Urvalkova, Ema"]
[Black "Kaplanova, Dominika"]
[Result "0-1"]
[WhiteElo "1000"]
[BlackElo "1269"]
[PlyCount "53"]
[EventDate "2022.03.12"]
[EventType "swiss"]
[EventRounds "9"]
[EventCountry "CZE"]
[SourceTitle "EXT 2023"]
[Source "ChessBase"]
[SourceDate "2022.10.05"]
[SourceVersion "1"]
[SourceVersionDate "2022.10.05"]
[SourceQuality "1"]

1. e4 c6 2. Nf3 d5 3. Nc3 dxe4 4. Nxe4 Bf5 5. Bd3 e6 6. 0-0 Nd7 7. Qe2 Bxe4 8. Qxe4 Ngf6 9. Qh4 Nc5 10. Ne5 Bd6 11. Re1 Bxe5 12. Qh3 Nxd3 13. cxd3 Bc7 14. Re3 Nd5 15. Re4 Nf4 16. Qg4 Ng6 17. b3 Qd6 18. Qh3 0-0-0 19. Re3 Bb6 20. Rf3 Ne5 21. Rg3 Qd4 22. Rf3 Qxa1 23. g4 Qxc1+ 24. Kg2 Nxf3 25. Qxf3 f6 26. a4 Qxd2 27. Kh3 0-1